Il genere spiegato a un paramecio /
সংরক্ষণ করুন:
| প্রধান লেখক: | |
|---|---|
| বিন্যাস: | গ্রন্থ |
| ভাষা: | ইতালিয় |
| প্রকাশিত: |
Pisa :
BFS,
2011
|
| মালা: | Materiaprima ;
7 |
| বিষয়গুলি: | |
| ট্যাগগুলো: |
কোনো ট্যাগ নেই, প্রথমজন হিসাবে ট্যাগ করুন!
|
MARC
| LEADER | 00000nam a22000007i 4500 | ||
|---|---|---|---|
| 001 | IT\ICCU\PIS\0039276 | ||
| 003 | ItRI | ||
| 005 | 20260217120536.0 | ||
| 008 | 120330s2011 it |||||| ||||| |||||c | ||
| 020 | |a 9788889413616 | ||
| 040 | |b ita |c ct | ||
| 041 | 7 | |a ita |2 ISO-639-2 | |
| 082 | |a 305.3 |2 19 | ||
| 100 | 1 | |a Danna, Daniela |0 IT\ICCU\RAVV\087602 |4 aut | |
| 245 | 1 | 3 | |a Il genere spiegato a un paramecio / |c Daniela Danna. |
| 260 | |a Pisa : |b BFS, |c 2011 | ||
| 300 | |a 79 p. ; |c 16 cm | ||
| 650 | 7 | |a IDENTITA FEMMINILE |2 scbi | |
| 650 | 7 | |a Identita maschile |2 scbi | |
| 830 | 0 | |a Materiaprima ; |v 7 |0 IT\ICCU\CAG\1592533 | |
| 942 | |2 ddc |c BK | ||
| 952 | |0 0 |1 0 |2 ddc |4 0 |6 B_SSA03DANDAGEN11 |7 0 |9 7692 |a MI |b MI |d 2012-03-26 |i 6408 |l 0 |o B-SSA03-DANDA-GEN11 |p CDOM6408 |r 2025-07-13 16:28:45 |w 2025-07-13 |y BK | ||
| 952 | |0 0 |1 0 |4 0 |6 305_300000000000000_DAN_GEN |7 0 |9 32978 |a VR |b VR |d 2026-02-16 |i 51 |l 0 |o 305.3 DAN GEN |p OBE-51 |r 2026-02-16 15:28:36 |w 2026-02-16 |y BK | ||
| 999 | |c 6368 |d 6368 | ||